تخطي إلى المحتوى
Inicio
Centros participantes
Catálogo
Servicios
Contacto
تسجيل الدخول
English
Deutsch
Español
Français
Italiano
日本語
Nederlands
Português
Português (Brasil)
中文(简体)
中文(繁體)
Türkçe
עברית
Gaeilge
Cymraeg
Ελληνικά
Català
Euskara
Русский
Čeština
Suomi
Svenska
polski
Dansk
slovenščina
اللغة العربية
বাংলা
Galego
Tiếng Việt
Hrvatski
हिंदी
Հայերէն
Українська
Sámegiella
اللغة
كل الحقول
العنوان
المؤلف
الموضوع
رقم الاستدعاء
ردمك/تدمد
الوسم
ابحث
بحث متقدم
La explosión demográfica y el...
استشهد بهذا
أرسل هذا بالبريد الإلكتروني
طباعة
تصدير التسجيلة
تصدير إلى RefWorks
تصدير إلى EndNoteWeb
تصدير إلى EndNote
أضف إلى المفضلة
رابط دائم
إضافة أول تقييم
La explosión demográfica y el control natal en Costa Rica
محفوظ في:
التفاصيل البيبلوغرافية
المؤلف الرئيسي:
Villalta M., José Francisco
التنسيق:
نص
منشور في:
Heredia:
UNA
الوسوم:
إضافة وسم
لا توجد وسوم, كن أول من يضع وسما على هذه التسجيلة!
المقتنيات
الوصف
التعليقات
مواد مشابهة
عرض للأخصائي
MARC
LEADER
00000 a a2200000 04500
001
16817
003
040
090
|a
004600
100
|a
Villalta M., José Francisco
245
|a
La explosión demográfica y el control natal en Costa Rica
260
|a
Heredia:
|b
UNA
300
|a
30 p.
999
|c
13430
|d
13430
مواد مشابهة
Situación demográfica actual de Costa Rica y perspectivas futuras
حسب: Ortega, Antonio
Costa Rica: migraciones interprovinciales 1963-1973 /
حسب: Bermúdez Méndez, Alicia
Costa Rica: Evolución de la mortalidad infantil en los últimos 25 años
حسب: Porras F., Celso A.
El Descenso de la mortalidad y la fecundidad y sus efectos sobre el sistema de seguro social
حسب: Carrasco, Armando
El Desarrollo político y las políticas de población en una sociedad prismática
حسب: Carreras, Rodrigo X